Polskie miasta po emotkach - Statystyki

Ogólne statystyki
  • Ten quiz został rozwiązany 126 razy
  • Średni wynik to 9 z 24
Statystyki odpowiedzi
Emotka Miasto % Poprawnych
🐲🏰 Kraków
91%
🛶 Łódź
87%
𝐠🎃 Gdynia
86%
🏗️🌊 Gdańsk
80%
🏙️ Warszawa
79%
🟩⛰️ Zielona Góra
78%
⬜⛷️ Białystok
54%
𝐨🌾⛳ Opole
54%
🤡🔪 Koszalin
38%
🐟 Rybnik
38%
⬜⬜ Bielsko-Biała
34%
🫚🍪 Toruń
27%
🛸 Kielce/Katowice
26%
🏰🌉 Wrocław
19%
💯×🫣 Częstochowa
16%
🌲 Sosnowiec
16%
🤝👋 Poznań
14%
🌳🌳⛏️👷 Dąbrowa Górnicza
11%
🏗️🏞️ Szczecin
9%
🏞️🚣🏻 Olsztyn
8%
🐐 Lublin
7%
🏙️⛰️ Rzeszów
7%
🧌🇵🇱 Gorzów Wielkopolski
6%
🏘️🌽 Bydgoszcz
3%
Nie znaleziono quizów pasujących do podanych kryteriów
Rozkład punktacji
Procent ludzi z każdym wynikiem
Percentyl według liczby udzielonych odpowiedzi
Twoja historia wyników
Nie rozwiązałeś tego quizu